[Event "Titled Tuesday intern op 11th Jun Late"]
[Site "Chess.com INT"]
[Date "2024.06.11"]
[Round "4"]
[White "Yang, Kaiqi"]
[Black "Melikhov, Evgeny V"]
[Result "1/2-1/2"]
[WhiteElo "2481"]
[BlackElo "2178"]
[PlyCount "102"]
[GameId "2057617437683712"]
[EventDate "2024.06.11"]
[EventType "swiss (blitz)"]
[EventRounds "11"]
[EventCountry "USA"]
[SourceTitle "EXT 2025"]
[Source "ChessBase"]
[SourceDate "2024.10.14"]
[SourceVersion "1"]
[SourceVersionDate "2024.10.14"]
[SourceQuality "1"]

1. e4 e5 2. Nf3 Nc6 3. Bc4 Nf6 4. d3 Be7 5. O-O O-O 6. Re1 d6 7. a4 a5 8. Nc3 Be6 9. Bb5 Nd4 10. Nxd4 exd4 11. Ne2 c6 12. Bc4 Bxc4 13. dxc4 Nxe4 14. Nxd4 d5 15. cxd5 cxd5 16. Nf5 Bc5 17. Be3 Bxe3 18. Rxe3 g6 19. Nd4 Qf6 20. f3 Nd6 21. c3 Nf5 22. Rd3 Nxd4 23. Rxd4 Qb6 24. Qd2 Rfd8 25. h4 Rac8 26. Kh2 Rc4 27. Rd1 Rxd4 28. Qxd4 Qxd4 29. Rxd4 Rd6 30. c4 Rb6 31. cxd5 Kf8 32. Kg3 Ke7 33. Kf4 Kd6 34. Kg5 Rxb2 35. g4 b5 36. axb5 Rxb5 37. Kh6 Rxd5 38. Ra4 Kc6 39. Kxh7 Kb5 40. Ra1 Rd3 41. h5 gxh5 42. gxh5 Rxf3 43. h6 Rh3 44. Kg7 a4 45. h7 Kb4 46. h8=Q Rxh8 47. Kxh8 Kb3 48. Kg7 a3 49. Kxf7 a2 50. Ke6 Kb2 51. Rxa2+ Kxa2 1/2-1/2

[Event "Titled Tuesday intern op 11th Jun Late"]
[Site "Chess.com INT"]
[Date "2024.06.11"]
[Round "6"]
[White "Andrews, Todd D"]
[Black "Yang, Kaiqi"]
[Result "0-1"]
[WhiteElo "2167"]
[BlackElo "2481"]
[PlyCount "98"]
[GameId "2057617439514624"]
[EventDate "2024.06.11"]
[EventType "swiss (blitz)"]
[EventRounds "11"]
[EventCountry "USA"]
[SourceTitle "EXT 2025"]
[Source "ChessBase"]
[SourceDate "2024.10.14"]
[SourceVersion "1"]
[SourceVersionDate "2024.10.14"]
[SourceQuality "1"]

1. d4 e6 2. Nf3 f5 3. g3 Nf6 4. Bg2 d5 5. O-O Bd6 6. b3 Qe7 7. c4 c6 8. a4 a5 9. Ba3 Bxa3 10. Nxa3 Nbd7 11. e3 O-O 12. Ne5 Nxe5 13. dxe5 Nd7 14. f4 Nc5 15. Kh1 b6 16. cxd5 cxd5 17. Nb5 Ba6 18. h3 h6 19. Kh2 Kh7 20. Rb1 Bxb5 21. axb5 Rac8 22. b4 axb4 23. Rxb4 Ra8 24. Rb2 Ra3 25. Re1 Rfa8 26. Rc2 Rd3 27. Qe2 Raa3 28. Qf2 Rdb3 29. Ree2 Rxb5 30. g4 fxg4 31. hxg4 Rbb3 32. f5 Nd3 33. Qg3 exf5 34. Bxd5 Rc3 35. Rxc3 Rxc3 36. gxf5 Qxe5 37. Qxe5 Nxe5 38. Kg3 Rc5 39. e4 Rc3+ 40. Kf2 h5 41. Ra2 Kh6 42. Ra6 Kg5 43. Rxb6 Kf4 44. Rb7 Rc2+ 45. Ke1 Ke3 46. Rb3+ Nd3+ 47. Kf1 h4 48. e5 h3 49. e6 Rc1# 0-1

[Event "Titled Tuesday intern op 11th Jun Late"]
[Site "Chess.com INT"]
[Date "2024.06.11"]
[Round "7"]
[White "Yang, Kaiqi"]
[Black "Gabrielian, Artur"]
[Result "1-0"]
[WhiteElo "2481"]
[BlackElo "2428"]
[PlyCount "43"]
[GameId "2057617439989760"]
[EventDate "2024.06.11"]
[EventType "swiss (blitz)"]
[EventRounds "11"]
[EventCountry "USA"]
[SourceTitle "EXT 2025"]
[Source "ChessBase"]
[SourceDate "2024.10.14"]
[SourceVersion "1"]
[SourceVersionDate "2024.10.14"]
[SourceQuality "1"]

1. e4 e5 2. Nf3 Nc6 3. Bc4 Bc5 4. c3 Nf6 5. d3 d6 6. O-O a6 7. a4 h6 8. Nbd2 Ba7 9. b4 g5 10. d4 g4 11. Nh4 Nxe4 12. Nxe4 Qxh4 13. b5 Na5 14. Ba2 Bf5 15. Qe2 Qe7 16. bxa6 bxa6 17. Bd5 c6 18. dxe5 cxd5 19. Nxd6+ Kf8 20. Nxf5 Qe6 21. Ba3+ Kg8 22. Qxg4+ 1-0

[Event "Titled Tuesday intern op 11th Jun Late"]
[Site "Chess.com INT"]
[Date "2024.06.11"]
[Round "8"]
[White "Yang, Kaiqi"]
[Black "Bolourchifard, Farzad"]
[Result "0-1"]
[WhiteElo "2481"]
[BlackElo "2292"]
[PlyCount "52"]
[GameId "2057617440833536"]
[EventDate "2024.06.11"]
[EventType "swiss (blitz)"]
[EventRounds "11"]
[EventCountry "USA"]
[SourceTitle "EXT 2025"]
[Source "ChessBase"]
[SourceDate "2024.10.14"]
[SourceVersion "1"]
[SourceVersionDate "2024.10.14"]
[SourceQuality "1"]

1. e4 e5 2. Nf3 Nc6 3. Bc4 Bc5 4. c3 Nf6 5. d3 d6 6. O-O a6 7. a4 h6 8. Nbd2 O-O 9. b4 Ba7 10. h3 Be6 11. Bxe6 fxe6 12. Nc4 Nh5 13. Ra2 Nf4 14. b5 Ne7 15. Be3 axb5 16. axb5 Bxe3 17. Rxa8 Bxf2+ 18. Rxf2 Qxa8 19. b6 Qd8 20. Rb2 c6 21. Kh2 Neg6 22. g3 Nh5 23. Nfxe5 dxe5 24. Qxh5 Qxd3 25. Nxe5 Qxc3 26. Rg2 Nxe5 0-1

[Event "Titled Tuesday intern op 11th Jun Late"]
[Site "Chess.com INT"]
[Date "2024.06.11"]
[Round "9"]
[White "Delgado Kuffo, Andres"]
[Black "Yang, Kaiqi"]
[Result "0-1"]
[WhiteElo "2320"]
[BlackElo "2481"]
[PlyCount "64"]
[GameId "2057617441710080"]
[EventDate "2024.06.11"]
[EventType "swiss (blitz)"]
[EventRounds "11"]
[EventCountry "USA"]
[SourceTitle "EXT 2025"]
[Source "ChessBase"]
[SourceDate "2024.10.14"]
[SourceVersion "1"]
[SourceVersionDate "2024.10.14"]
[SourceQuality "1"]

1. e4 e6 2. d4 d5 3. e5 c5 4. c3 Nc6 5. Nf3 Bd7 6. a3 Qc7 7. Bd3 f6 8. Bf4 c4 9. Bc2 O-O-O 10. Bg3 f5 11. Bxf5 exf5 12. e6 Bd6 13. exd7+ Rxd7 14. O-O Nf6 15. Bxd6 Qxd6 16. Re1 Ne4 17. Nbd2 Re8 18. Qc2 Rde7 19. Nxe4 fxe4 20. Nd2 Qf4 21. Nf1 Re6 22. Ne3 Rh6 23. g3 Qf7 24. Qe2 Rf8 25. Qg4+ Kb8 26. Re2 Ne7 27. Qd7 Qh5 28. f4 Qxe2 29. Qxe7 Qxe3+ 30. Kf1 Rc8 31. Qxg7 Rxh2 32. Qe5+ Ka8 0-1

[Event "Titled Tuesday intern op 11th Jun Late"]
[Site "Chess.com INT"]
[Date "2024.06.11"]
[Round "10"]
[White "Yang, Kaiqi"]
[Black "Kleiman, Jake"]
[Result "0-1"]
[WhiteElo "2481"]
[BlackElo "2399"]
[PlyCount "68"]
[GameId "2057617442344960"]
[EventDate "2024.06.11"]
[EventType "swiss (blitz)"]
[EventRounds "11"]
[EventCountry "USA"]
[SourceTitle "EXT 2025"]
[Source "ChessBase"]
[SourceDate "2024.10.14"]
[SourceVersion "1"]
[SourceVersionDate "2024.10.14"]
[SourceQuality "1"]

1. e4 e5 2. Nf3 Nc6 3. Bc4 Bc5 4. c3 Nf6 5. d3 O-O 6. O-O d5 7. exd5 Nxd5 8. Re1 Bg4 9. Nbd2 Nb6 10. Bb5 Bd6 11. h3 Bh5 12. Ne4 f5 13. Ng3 Bxf3 14. Qxf3 Qd7 15. Bxc6 bxc6 16. a4 Rae8 17. a5 Nd5 18. Bd2 e4 19. dxe4 fxe4 20. Qd1 e3 21. Bxe3 Nxe3 22. Rxe3 Rxe3 23. fxe3 Qe6 24. Nf1 Rf5 25. Qd4 a6 26. Qg4 h5 27. Qe2 Rb5 28. b4 c5 29. bxc5 Bxc5 30. Kh1 Bd6 31. c4 Rf5 32. c5 Bxc5 33. Ng3 Qe5 34. Qc4+ Kh8 0-1

[Event "Titled Tuesday intern op 25th Jun Early"]
[Site "Chess.com INT"]
[Date "2024.06.25"]
[Round "1"]
[White "Mamedjarova, Turkan"]
[Black "Yang, Kaiqi"]
[Result "0-1"]
[WhiteElo "2217"]
[BlackElo "2481"]
[PlyCount "60"]
[GameId "2062710638600192"]
[EventDate "2024.06.25"]
[EventType "swiss (blitz)"]
[EventRounds "11"]
[EventCountry "USA"]
[SourceTitle "EXT 2025"]
[Source "ChessBase"]
[SourceDate "2024.10.14"]
[SourceVersion "1"]
[SourceVersionDate "2024.10.14"]
[SourceQuality "1"]

1. e4 c5 2. Nf3 Nf6 3. Nc3 d5 4. exd5 Nxd5 5. Bc4 Nxc3 6. bxc3 e6 7. O-O Be7 8. d4 O-O 9. Be3 Qc7 10. Bd3 c4 11. Be2 Nd7 12. a4 b6 13. Nd2 Ba6 14. f4 g6 15. Rf3 Nf6 16. Qf1 Rac8 17. Bf2 Nd5 18. Bg3 Bd6 19. Ne4 f5 20. Nd2 Rfe8 21. Qf2 Nf6 22. Qf1 Bb7 23. Rf2 Bd5 24. Bh4 Nd7 25. g3 h6 26. Nf3 Kh7 27. Ne5 Rg8 28. g4 Bxe5 29. fxe5 g5 30. gxf5 gxh4+ 0-1

[Event "Titled Tuesday intern op 16th Jul Early"]
[Site "Chess.com INT"]
[Date "2024.07.16"]
[Round "1"]
[White "Mamedjarova, Turkan"]
[Black "Yang, Kaiqi"]
[Result "0-1"]
[WhiteElo "2217"]
[BlackElo "2481"]
[PlyCount "78"]
[GameId "2070292905574400"]
[EventDate "2024.07.16"]
[EventType "swiss (blitz)"]
[EventRounds "11"]
[EventCountry "USA"]
[SourceTitle "EXT 2025"]
[Source "ChessBase"]
[SourceDate "2024.10.14"]
[SourceVersion "1"]
[SourceVersionDate "2024.10.14"]
[SourceQuality "1"]

1. e4 c5 2. Nf3 Nf6 3. Nc3 d5 4. e5 d4 5. exf6 dxc3 6. fxe7 cxd2+ 7. Bxd2 Bxe7 8. Be2 Nc6 9. O-O O-O 10. Re1 Bf6 11. Bd3 Bg4 12. h3 Bh5 13. g4 Bg6 14. g5 Be7 15. h4 Bxd3 16. cxd3 Qxd3 17. Bc3 Qf5 18. Ne5 Rad8 19. Nxc6 bxc6 20. Qa4 Bd6 21. Qxc6 Qh3 22. Qg2 Qxh4 23. Rad1 Bf4 24. Rxd8 Rxd8 25. Qe4 Qxg5+ 26. Kf1 h5 27. Ba5 Rf8 28. Bc3 h4 29. Ke2 h3 30. Rh1 h2 31. Kf3 Bb8 32. Rd1 Qh5+ 33. Qg4 h1=Q+ 34. Ke2 Qxg4+ 35. Ke3 Qhxd1 36. f3 Re8+ 37. Be5 Qdxf3+ 38. Kd2 Qgg2+ 39. Kc1 Qff1# 0-1

[Event "Titled Tuesday intern op 16th Jul Early"]
[Site "Chess.com INT"]
[Date "2024.07.16"]
[Round "4"]
[White "Yang, Kaiqi"]
[Black "Le, Quang Long"]
[Result "0-1"]
[WhiteElo "2481"]
[BlackElo "2380"]
[PlyCount "70"]
[GameId "2070292909080576"]
[EventDate "2024.07.16"]
[EventType "swiss (blitz)"]
[EventRounds "11"]
[EventCountry "USA"]
[SourceTitle "EXT 2025"]
[Source "ChessBase"]
[SourceDate "2024.10.14"]
[SourceVersion "1"]
[SourceVersionDate "2024.10.14"]
[SourceQuality "1"]

1. Nf3 g6 2. g3 Bg7 3. Bg2 c5 4. O-O Nc6 5. c3 e5 6. d3 d5 7. Nbd2 Nge7 8. e4 O-O 9. Qb3 d4 10. cxd4 cxd4 11. Nc4 Be6 12. Ng5 Bg4 13. h3 Bc8 14. a4 Rb8 15. Bd2 h6 16. Nf3 Be6 17. Rfc1 Qd7 18. Kh2 f5 19. exf5 Rxf5 20. Qa3 Rbf8 21. Qd6 Rxf3 22. Qxd7 Bxd7 23. Bxf3 Rxf3 24. Kg2 Rxd3 25. Be1 Be6 26. Nd6 Bd5+ 27. Kf1 Rb3 28. a5 a6 29. Ra3 Rxb2 30. Nc4 Bxc4+ 31. Rxc4 e4 32. Ra1 e3 33. fxe3 Nd5 34. e4 Ne3+ 35. Kg1 Nxc4 0-1

[Event "Titled Tuesday intern op 16th Jul Early"]
[Site "Chess.com INT"]
[Date "2024.07.16"]
[Round "6"]
[White "Piesik, Piotr"]
[Black "Yang, Kaiqi"]
[Result "0-1"]
[WhiteElo "2415"]
[BlackElo "2481"]
[PlyCount "76"]
[GameId "2070292911251456"]
[EventDate "2024.07.16"]
[EventType "swiss (blitz)"]
[EventRounds "11"]
[EventCountry "USA"]
[SourceTitle "EXT 2025"]
[Source "ChessBase"]
[SourceDate "2024.10.14"]
[SourceVersion "1"]
[SourceVersionDate "2024.10.14"]
[SourceQuality "1"]

1. Nf3 d5 2. g3 Bg4 3. Bg2 c6 4. O-O Nd7 5. d3 Ngf6 6. Nbd2 e6 7. e4 Be7 8. h3 Bh5 9. Qe1 O-O 10. Nb3 a5 11. a4 Nc5 12. Nxc5 Bxc5 13. Be3 Bxe3 14. Qxe3 Qb8 15. e5 Nd7 16. Rfe1 Qa7 17. Nd4 Qc5 18. f4 Rfe8 19. Qf2 Bg6 20. g4 f5 21. exf6 Nxf6 22. Nxe6 Qd6 23. f5 Bf7 24. Nd4 h6 25. c3 Nd7 26. Rxe8+ Rxe8 27. Re1 Rf8 28. Ne6 Bxe6 29. Rxe6 Qxe6 30. fxe6 Rxf2 31. Kxf2 Nc5 32. e7 Kf7 33. Ke3 Nxa4 34. c4 dxc4 35. dxc4 Nxb2 36. Kd4 a4 37. Kc3 a3 38. c5 Na4+ 0-1

[Event "Titled Tuesday intern op 16th Jul Early"]
[Site "Chess.com INT"]
[Date "2024.07.16"]
[Round "8"]
[White "Arabidze, Meri"]
[Black "Yang, Kaiqi"]
[Result "1-0"]
[WhiteElo "2457"]
[BlackElo "2481"]
[PlyCount "59"]
[GameId "2070292913057792"]
[EventDate "2024.07.16"]
[EventType "swiss (blitz)"]
[EventRounds "11"]
[EventCountry "USA"]
[SourceTitle "EXT 2025"]
[Source "ChessBase"]
[SourceDate "2024.10.14"]
[SourceVersion "1"]
[SourceVersionDate "2024.10.14"]
[SourceQuality "1"]

1. d4 e6 2. c4 f5 3. Nc3 Nf6 4. a3 b6 5. Nf3 Bb7 6. d5 Bd6 7. g3 O-O 8. Bg2 a5 9. O-O Na6 10. Nb5 Nc5 11. Nxd6 cxd6 12. Nd4 Qe7 13. Bf4 Nfe4 14. b4 axb4 15. axb4 e5 16. bxc5 bxc5 17. Nxf5 Qf6 18. Bxe4 exf4 19. Rxa8 Rxa8 20. Qb1 Ba6 21. Qa1 Qe5 22. Qxe5 dxe5 23. Ra1 Bb7 24. Rxa8+ Bxa8 25. Nd6 g6 26. gxf4 exf4 27. Kg2 Kf8 28. Kf3 Ke7 29. Nb5 Bb7 30. d6+ 1-0

[Event "Titled Tuesday intern op 16th Jul Early"]
[Site "Chess.com INT"]
[Date "2024.07.16"]
[Round "9"]
[White "Yang, Kaiqi"]
[Black "Rodriguez Santiago, Jaime"]
[Result "0-1"]
[WhiteElo "2481"]
[BlackElo "2006"]
[PlyCount "44"]
[GameId "2070292913967104"]
[EventDate "2024.07.16"]
[EventType "swiss (blitz)"]
[EventRounds "11"]
[EventCountry "USA"]
[SourceTitle "EXT 2025"]
[Source "ChessBase"]
[SourceDate "2024.10.14"]
[SourceVersion "1"]
[SourceVersionDate "2024.10.14"]
[SourceQuality "1"]

1. Nf3 Nf6 2. d4 d5 3. c4 e6 4. g3 dxc4 5. Bg2 c5 6. Na3 cxd4 7. Nxc4 Nc6 8. O-O Be7 9. Bd2 O-O 10. Rc1 Bd7 11. Nfe5 Rc8 12. Nd3 b5 13. Nce5 Nxe5 14. Nxe5 Bd6 15. Bf4 Rxc1 16. Qxc1 Nh5 17. Rd1 Nxf4 18. gxf4 Bxe5 19. fxe5 Bc8 20. Qc5 Qg5 21. Rd3 f6 22. exf6 Qxc5 0-1

[Event "Titled Tuesday intern op 16th Jul Late"]
[Site "Chess.com INT"]
[Date "2024.07.16"]
[Round "3"]
[White "Yang, Kaiqi"]
[Black "Leiva Rodriguez, Jeammarco Giuseppe"]
[Result "0-1"]
[WhiteElo "2481"]
[BlackElo "2394"]
[PlyCount "56"]
[GameId "2070292918464512"]
[EventDate "2024.07.16"]
[EventType "swiss (blitz)"]
[EventRounds "11"]
[EventCountry "USA"]
[SourceTitle "EXT 2025"]
[Source "ChessBase"]
[SourceDate "2024.10.14"]
[SourceVersion "1"]
[SourceVersionDate "2024.10.14"]
[SourceQuality "1"]

1. d4 Nf6 2. Nf3 e6 3. e3 c5 4. Bd3 b6 5. b3 Bb7 6. Bb2 Nc6 7. Nbd2 d5 8. Ne5 Bd6 9. f4 O-O 10. O-O Qc7 11. a3 Ne7 12. Qf3 c4 13. bxc4 dxc4 14. Ne4 cxd3 15. Nxf6+ gxf6 16. Qg3+ Kh8 17. Qh4 Nd5 18. e4 fxe5 19. exd5 Be7 20. Qh5 Bxd5 21. fxe5 Rg8 22. Rxf7 Rxg2+ 23. Kf1 Rg7 24. Rxg7 Kxg7 25. cxd3 Qc2 26. Rc1 Rf8+ 27. Ke1 Qf2+ 28. Kd1 Bb3+ 0-1

[Event "Titled Tuesday intern op 16th Jul Late"]
[Site "Chess.com INT"]
[Date "2024.07.16"]
[Round "6"]
[White "Yang, Kaiqi"]
[Black "Jonkman, Harmen"]
[Result "0-1"]
[WhiteElo "2481"]
[BlackElo "2314"]
[PlyCount "50"]
[GameId "2070292921106432"]
[EventDate "2024.07.16"]
[EventType "swiss (blitz)"]
[EventRounds "11"]
[EventCountry "USA"]
[SourceTitle "EXT 2025"]
[Source "ChessBase"]
[SourceDate "2024.10.14"]
[SourceVersion "1"]
[SourceVersionDate "2024.10.14"]
[SourceQuality "1"]

1. d4 d5 2. Nf3 Nf6 3. c4 dxc4 4. g3 b5 5. Bg2 Bb7 6. a4 a6 7. O-O e6 8. b3 cxb3 9. Qxb3 b4 10. Nbd2 Nc6 11. Nc4 Nxd4 12. Nxd4 Bxg2 13. Nxe6 fxe6 14. Kxg2 Qd5+ 15. f3 Bc5 16. Rd1 Qh5 17. Be3 O-O 18. Bxc5 Qxc5 19. Rac1 Nd5 20. e4 Nc3 21. Rd7 Rad8 22. Rxd8 Rxd8 23. Rc2 Rd1 24. Nb2 Rg1+ 25. Kh3 Qh5# 0-1

[Event "Titled Tuesday intern op 16th Jul Late"]
[Site "Chess.com INT"]
[Date "2024.07.16"]
[Round "7"]
[White "Rodriguez Santiago, Jaime"]
[Black "Yang, Kaiqi"]
[Result "0-1"]
[WhiteElo "2006"]
[BlackElo "2481"]
[PlyCount "138"]
[GameId "2070292922400768"]
[EventDate "2024.07.16"]
[EventType "swiss (blitz)"]
[EventRounds "11"]
[EventCountry "USA"]
[SourceTitle "EXT 2025"]
[Source "ChessBase"]
[SourceDate "2024.10.14"]
[SourceVersion "1"]
[SourceVersionDate "2024.10.14"]
[SourceQuality "1"]

1. c4 e6 2. d4 f5 3. g3 Nf6 4. Bg2 d5 5. b3 c6 6. Nf3 Bd6 7. O-O Qe7 8. Ne5 Nbd7 9. Bf4 O-O 10. Nxd7 Bxd7 11. Bxd6 Qxd6 12. Nd2 Be8 13. Nf3 Bh5 14. Ne5 Nd7 15. f4 Nxe5 16. fxe5 Qe7 17. Qd2 Rad8 18. e3 h6 19. Rf2 Kh8 20. Raf1 b6 21. h3 Bg6 22. Rc1 Be8 23. c5 Bd7 24. Qb4 Ra8 25. Kh2 b5 26. Qa5 Be8 27. Re1 Bh5 28. Qa6 Qc7 29. b4 Be8 30. Qa3 a5 31. bxa5 Rxa5 32. Qc1 Bg6 33. Qd1 Rfa8 34. Ree2 Ra3 35. Qe1 Qa5 36. Rd2 Qc3 37. g4 fxg4 38. hxg4 Qxe3 39. Qxe3 Rxe3 40. Rf4 Kh7 41. Rdf2 Rea3 42. Rf8 Rxf8 43. Rxf8 Rxa2 44. Kg3 Rd2 45. Rc8 Rxd4 46. Rxc6 Rc4 47. Rxe6 Rc3+ 48. Kf2 Rxc5 49. Rd6 Be4 50. Bxe4+ dxe4 51. e6 Re5 52. Ke3 Kg6 53. e7+ Kf7 54. Rb6 Rxe7 55. Rxb5 Kg6 56. Rb6+ Kg5 57. Rb5+ Kh4 58. Rb6 Kxg4 59. Rg6+ Kf5 60. Rg2 g5 61. Rf2+ Kg6 62. Rg2 h5 63. Rh2 h4 64. Rg2 Kh5 65. Rf2 h3 66. Rf5 Kg4 67. Rf8 h2 68. Rf1 Kg3 69. Rh1 Kg2 0-1

[Event "Titled Tuesday intern op 16th Jul Late"]
[Site "Chess.com INT"]
[Date "2024.07.16"]
[Round "8"]
[White "Lerch, Philipp"]
[Black "Yang, Kaiqi"]
[Result "0-1"]
[WhiteElo "2305"]
[BlackElo "2481"]
[PlyCount "74"]
[GameId "2070292922859520"]
[EventDate "2024.07.16"]
[EventType "swiss (blitz)"]
[EventRounds "11"]
[EventCountry "USA"]
[SourceTitle "EXT 2025"]
[Source "ChessBase"]
[SourceDate "2024.10.14"]
[SourceVersion "1"]
[SourceVersionDate "2024.10.14"]
[SourceQuality "1"]

1. e4 c5 2. Nf3 Nf6 3. e5 Nd5 4. Nc3 Nxc3 5. dxc3 Nc6 6. Bf4 Qb6 7. b3 Qc7 8. Bc4 e6 9. Qe2 h6 10. O-O a6 11. a4 b6 12. Rad1 Bb7 13. Rd2 Be7 14. Rfd1 Bc8 15. h4 Na5 16. Bd3 Bb7 17. Nh2 g5 18. hxg5 hxg5 19. Bg3 c4 20. bxc4 O-O-O 21. c5 Bxc5 22. Bxa6 Qc6 23. Bxb7+ Kxb7 24. Nf1 Nc4 25. Rd3 Nb2 26. Rf3 Nxd1 27. Qxd1 Rh7 28. Qd3 Rdh8 29. Nh2 Qxa4 30. Kf1 Rxh2 31. Bxh2 Rxh2 32. Rxf7 Rh1+ 33. Ke2 Qg4+ 34. Rf3 Kc7 35. Qa6 Qe4+ 36. Re3 Bxe3 37. Qa7+ Qb7 0-1

[Event "Titled Tuesday intern op 16th Jul Late"]
[Site "Chess.com INT"]
[Date "2024.07.16"]
[Round "9"]
[White "Yang, Kaiqi"]
[Black "Buscar, Michael"]
[Result "1-0"]
[WhiteElo "2481"]
[BlackElo "2041"]
[PlyCount "79"]
[GameId "2070292923478016"]
[EventDate "2024.07.16"]
[EventType "swiss (blitz)"]
[EventRounds "11"]
[EventCountry "USA"]
[SourceTitle "EXT 2025"]
[Source "ChessBase"]
[SourceDate "2024.10.14"]
[SourceVersion "1"]
[SourceVersionDate "2024.10.14"]
[SourceQuality "1"]

1. Nf3 Nf6 2. g3 b6 3. Bg2 Bb7 4. O-O e6 5. d3 Be7 6. e4 d6 7. Nbd2 Nbd7 8. Re1 c5 9. c3 O-O 10. a4 a6 11. d4 cxd4 12. Nxd4 Qc7 13. Qe2 Rac8 14. h3 Qb8 15. g4 Qa8 16. g5 Ne8 17. Qg4 Ne5 18. Qg3 Nc4 19. Nf1 g6 20. Nh2 e5 21. Nc2 f5 22. b3 Na5 23. c4 Ng7 24. Nb4 Ne6 25. Nd5 Bxd5 26. exd5 Nd4 27. Bb2 Nc2 28. Rxe5 Rce8 29. Re6 Bxg5 30. Qc3 Bf6 31. Qxc2 Bxb2 32. Qxb2 Qc8 33. Rae1 b5 34. axb5 axb5 35. Qc3 Nb7 36. Nf3 Rxe6 37. dxe6 Nc5 38. e7 Re8 39. Ng5 h6 40. Bd5+ 1-0

[Event "Titled Tuesday intern op 16th Jul Late"]
[Site "Chess.com INT"]
[Date "2024.07.16"]
[Round "10"]
[White "Yang, Kaiqi"]
[Black "Gordon, Frederick"]
[Result "0-1"]
[WhiteElo "2481"]
[BlackElo "2354"]
[PlyCount "78"]
[GameId "2070292924129280"]
[EventDate "2024.07.16"]
[EventType "swiss (blitz)"]
[EventRounds "11"]
[EventCountry "USA"]
[SourceTitle "EXT 2025"]
[Source "ChessBase"]
[SourceDate "2024.10.14"]
[SourceVersion "1"]
[SourceVersionDate "2024.10.14"]
[SourceQuality "1"]

1. Nf3 c5 2. e4 Nc6 3. Bb5 Nf6 4. Nc3 Nd4 5. e5 Nxb5 6. Nxb5 Nd5 7. Ng5 f6 8. exf6 Nxf6 9. O-O a6 10. Nc3 e6 11. d4 cxd4 12. Qxd4 Be7 13. Nge4 d5 14. Nxf6+ Bxf6 15. Qd3 O-O 16. Rd1 b5 17. Be3 Bb7 18. Bc5 Rf7 19. a4 Rc8 20. Be3 b4 21. Na2 a5 22. c3 e5 23. cxb4 d4 24. Bd2 e4 25. Qg3 Qd5 26. bxa5 e3 27. fxe3 Be5 28. Qh3 Rcf8 29. Nb4 Qe4 30. a6 Ba8 31. Be1 dxe3 32. Bg3 Bxg3 33. hxg3 Rf2 34. Nd5 Bxd5 35. Rxd5 Qxd5 36. a7 e2 37. Kh2 Rf1 38. Rxf1 exf1=Q 39. Qg4 Qff5 0-1

[Event "CrunchLab Masters PlayIn"]
[Site "Chess.com INT"]
[Date "2024.07.17"]
[Round "2"]
[White "Yang, Kaiqi"]
[Black "Vaibhav, Suri"]
[Result "0-1"]
[WhiteElo "2481"]
[BlackElo "2594"]
[PlyCount "64"]
[GameId "2070292884934656"]
[EventDate "2024.07.17"]
[EventType "swiss (rapid)"]
[EventRounds "9"]
[EventCountry "USA"]
[SourceTitle "CBM 221 Extra"]
[Source "ChessBase"]
[SourceDate "2024.09.30"]
[SourceVersion "1"]
[SourceVersionDate "2024.09.30"]
[SourceQuality "1"]

1. d4 Nf6 2. Nf3 e6 3. e3 d5 4. Bd3 c5 5. b3 Nc6 6. Bb2 cxd4 7. exd4 Nb4 8. Be2 Qc7 9. c3 Nc6 10. O-O Be7 11. Bd3 O-O 12. Qe2 b6 13. Nbd2 Bb7 14. Ne5 Nxe5 15. dxe5 Nd7 16. f4 Nc5 17. Bc2 Ba6 18. c4 Rfd8 19. f5 Bg5 20. Nf3 Bh6 21. Bc1 Bxc1 22. Raxc1 exf5 23. Bxf5 g6 24. Ng5 Re8 25. Rce1 h6 26. Bxg6 fxg6 27. Rf6 Qg7 28. Qc2 Rxe5 29. Rxg6 Rxe1+ 30. Kf2 Ne4+ 31. Nxe4 Qxg6 32. Kxe1 Qxe4+ 0-1

[Event "CrunchLab Masters PlayIn"]
[Site "Chess.com INT"]
[Date "2024.07.17"]
[Round "3"]
[White "Yang, Kaiqi"]
[Black "Dragun, Kamil"]
[Result "0-1"]
[WhiteElo "2481"]
[BlackElo "2528"]
[PlyCount "84"]
[GameId "2070292885176320"]
[EventDate "2024.07.17"]
[EventType "swiss (rapid)"]
[EventRounds "9"]
[EventCountry "USA"]
[SourceTitle "CBM 221 Extra"]
[Source "ChessBase"]
[SourceDate "2024.09.30"]
[SourceVersion "1"]
[SourceVersionDate "2024.09.30"]
[SourceQuality "1"]

1. d4 Nf6 2. Nf3 g6 3. g3 Bg7 4. Bg2 O-O 5. O-O d6 6. a4 a5 7. Nc3 Nc6 8. e4 e5 9. dxe5 Nxe5 10. Nxe5 dxe5 11. Nb5 c6 12. Nd6 Bg4 13. Qd3 Qc7 14. Nc4 Rfd8 15. Qc3 Rd4 16. Be3 Nxe4 17. Bxe4 Rxe4 18. f3 Rxe3 19. Qxe3 Be6 20. b3 b5 21. Nd2 e4 22. Rad1 exf3 23. Nxf3 bxa4 24. bxa4 Bd5 25. Ng5 Bh6 26. h4 Rf8 27. Qc3 Bg7 28. Qe3 Qc8 29. Kh2 Re8 30. Qf2 Rf8 31. Rd2 h6 32. Nh3 Qg4 33. Nf4 Be4 34. Re2 Bf5 35. Re7 g5 36. hxg5 hxg5 37. Ng2 Be6 38. Ne3 Qh3+ 39. Kg1 Bd4 40. c3 Bc5 41. Rc7 Bd5 42. Nxd5 Bxf2+ 0-1